[Event "AUTO-ELITE-2581"]
[Site "http://www.queenalice.com/game.php?id=1856183"]
[Date "2025.4.26"]
[Round "1"]
[White "josekasparov"]
[Black "queen66"]
[Result "0-1"]
[WhiteElo "2523"]
[BlackElo "2318"]

1. e4 c5 2. Nf3 d6 3. d4 cxd4 4. Nxd4 Nf6 5. Nc3 a6 6. Bg5 e6 7. f4 Qb6 8. a3
Nbd7 9. Bh4 e5 10. fxe5 dxe5 11. Nb3 Nc5 12. Bf2 Qc6 13. Nxc5 Bxc5 14. Bxc5 Qxc5
15. Qd2 Bg4 16. h3 Rd8 17. Bd3 Be6 18. O-O-O O-O 19. Rhf1 Rd4 20. Qg5 Nd7 21.
Rf3 Rc8 22. Qe3 g6 23. Ne2 Rd6 24. g4 Qa5 25. Qd2 Qc7 26. Nc3 b5 27. Kb1 Nc5 28.
Qe3 Qb7 29. Be2 Rxd1+ 30. Bxd1 a5 31. Rf2 b4 32. Nd5 Nxe4 33. Ne7+ Qxe7 34. Qxe4
bxa3 0-1

[Event "AUTO-ELITE-2581"]
[Site "http://www.queenalice.com/game.php?id=1856184"]
[Date "2025.4.26"]
[Round "1"]
[White "queen66"]
[Black "josekasparov"]
[Result "1-0"]
[WhiteElo "2241"]
[BlackElo "2540"]

1. e4 c5 2. Nf3 d6 3. d4 cxd4 4. Nxd4 Nf6 5. Nc3 g6 6. Be3 Bg7 7. f3 O-O 8. Qd2
Nc6 9. Bc4 Bd7 10. O-O-O Rc8 11. Bb3 Nxd4 12. Bxd4 b5 13. a3 a5 14. e5 dxe5 15.
Bxe5 Bc6 16. Qe3 Qe8 17. Kb1 b4 18. axb4 axb4 19. Na2 Ba4 20. Nxb4 Qb5 21. Nd5
Nxd5 22. Rxd5 Bxb3 23. Rxb5 Bxc2+ 24. Kc1 1-0

[Event "AUTO-OPEN-4562"]
[Site "http://www.queenalice.com/game.php?id=1857972"]
[Date "2025.5.28"]
[Round "2"]
[White "Tonto"]
[Black "queen66"]
[Result "0-1"]
[WhiteElo "2040"]
[BlackElo "2276"]

1. e4 c5 2. Nf3 d6 3. Bc4 Nf6 4. Nc3 e6 5. O-O Be7 6. d4 cxd4 7. Nxd4 O-O 8. Bd3
b6 9. Bf4 e5 10. Ndb5 a6 11. Nxd6 Bxd6 12. Bg5 h6 13. Bh4 Nbd7 14. Nd5 g5 15.
Bg3 Nxd5 16. exd5 f5 17. Qh5 Qf6 18. Rae1 f4 19. Bg6 Qg7 20. h3 Nf6 21. Qf3 Qxg6
22. Bh2 g4 23. hxg4 Nxg4 24. Qe4 Qh5 25. Bxf4 Rxf4 0-1

[Event "AUTO-OPEN-4562"]
[Site "http://www.queenalice.com/game.php?id=1857973"]
[Date "2025.5.28"]
[Round "2"]
[White "queen66"]
[Black "Tonto"]
[Result "1-0"]
[WhiteElo "2312"]
[BlackElo "2002"]

1. e4 e5 2. Nf3 d6 3. d4 exd4 4. Nxd4 c5 5. Ne2 Be7 6. Nf4 Nf6 7. Nc3 Nc6 8. f3
a6 9. Be3 O-O 10. Qd2 b5 11. O-O-O Ne5 12. Ncd5 Nxd5 13. Nxd5 Be6 14. Nxe7+ Qxe7
15. Qxd6 Qxd6 16. Rxd6 Nc4 17. Bxc4 Bxc4 18. b3 Be6 19. Bxc5 Rfd8 20. Rhd1 Rdc8
21. Bb6 h5 22. Kb2 a5 23. R1d4 a4 24. Rb4 a3+ 25. Kc1 Rc3 26. Rxb5 Rac8 27. Rd8+
Rxd8 28. Bxd8 Re3 29. Kd2 1-0

[Event "AUTO-OPEN-4563"]
[Site "http://www.queenalice.com/game.php?id=1859702"]
[Date "2025.7.9"]
[Round "2"]
[White "guss"]
[Black "queen66"]
[Result "0-1"]
[WhiteElo "2582"]
[BlackElo "2425"]

1. e4 c5 2. Nf3 d6 3. Bc4 Nf6 4. Nc3 e6 5. d4 cxd4 6. Nxd4 a6 7. O-O b5 8. Bb3
Be7 9. Qf3 Qc7 10. Qg3 Nc6 11. Nxc6 Qxc6 12. Re1 Bb7 13. Qxg7 Rg8 14. Qh6 O-O-O
15. f3 Rg6 16. Qh3 Rdg8 17. g3 Kb8 18. Be3 h5 19. a4 b4 20. Ne2 h4 21. Qxh4 e5
22. Bxf7 Rg4 23. Qh6 Nxe4 24. Rf1 Bg5 25. Bxg5 Nxg5 26. Bxg8 Nxf3+ 27. Kf2 Rxg8
28. c3 Qb6+ 29. Qe3 Qc6 30. Qh6 Qb6+ 31. Qe3 Qd8 32. h3 Rf8 33. Rac1 Qf6 34.
Rfd1 Nd2+ 35. Ke1 Nc4 36. Qg1 b3 37. a5 Qh6 38. h4 Rf3 39. Ra1 Ne3 40. Rdc1 Qf6
41. Kd2 Rf2 42. c4 Qf3 43. Qxf2 Qxf2 44. Ra3 Nf5 45. Kc3 Qxe2 46. Kxb3 Qe3+ 47.
Rc3 Qe1 48. Kb4 Nd4 49. Ra2 e4 0-1

[Event "AUTO-OPEN-4563"]
[Site "http://www.queenalice.com/game.php?id=1859703"]
[Date "2025.7.9"]
[Round "2"]
[White "queen66"]
[Black "guss"]
[Result "1-0"]
[WhiteElo "2399"]
[BlackElo "2591"]

1. e4 e5 2. Nf3 Nc6 3. Bb5 a6 4. Ba4 Bd6 5. O-O b5 6. Bb3 Nf6 7. d4 Bb7 8. c3
O-O 9. Nbd2 Qb8 10. Re1 h6 11. Nh4 Re8 12. Nf5 Ne7 13. Nxd6 cxd6 14. d5 a5 15.
a4 bxa4 16. Bxa4 Ba6 17. c4 Qc7 18. Re3 Rf8 19. Bc2 Nc8 20. Rc3 Bb7 21. Nf1 Ra6
22. Qf3 Qd8 23. Ng3 Nh7 24. Rb3 Ba8 25. Rba3 Ne7 26. b4 Bb7 27. b5 Ra7 28. Qg4
Kh8 29. Bd3 Ra8 30. Bd2 Nf6 31. Qf3 Kh7 32. Bxa5 Qc7 33. Bxc7 1-0

[Event "AUTO-OPEN-4563"]
[Site "http://www.queenalice.com/game.php?id=1859708"]
[Date "2025.7.9"]
[Round "2"]
[White "queen66"]
[Black "Rafale2000"]
[Result "1-0"]
[WhiteElo "2315"]
[BlackElo "1962"]

1. e4 Nf6 2. e5 Nd5 3. c4 Nb6 4. d4 d6 5. f4 dxe5 6. fxe5 Nc6 7. Be3 Bf5 8. Nc3
Nb4 9. Rc1 e6 10. Nf3 c5 11. Qb3 Bd3 12. dxc5 Nxc4 13. Qxb4 Nxe3 14. Qa4+ Ke7
15. Bxd3 Qxd3 16. Kf2 Nf5 17. Rhd1 Qe3+ 18. Kf1 Rd8 19. Qxa7 Ke8 20. Rxd8+ Kxd8
21. Rd1+ Kc7 22. Nb5+ Kc6 23. Qb6# 1-0

[Event "AUTO-OPEN-4563"]
[Site "http://www.queenalice.com/game.php?id=1859709"]
[Date "2025.7.9"]
[Round "2"]
[White "Rafale2000"]
[Black "queen66"]
[Result "0-1"]
[WhiteElo "1968"]
[BlackElo "2316"]

1. e4 c5 2. c3 Nf6 3. e5 Nd5 4. d4 cxd4 5. cxd4 d6 6. Nc3 Nxc3 7. bxc3 dxe5 8.
Bb5+ Bd7 9. Qb3 Qb6 10. Bxd7+ Nxd7 11. dxe5 Nxe5 12. Be3 Qa6 13. O-O-O e6 14.
Nh3 Ba3+ 15. Kb1 Nc4 16. Rd3 O-O 17. Rd4 Rac8 18. Rxc4 Rxc4 19. Rd1 Rcc8 20. Bc1
Bxc1 21. Rxc1 Rfd8 22. Rd1 Qe2 23. Rxd8+ Rxd8 24. Kc1 Rd2 0-1

[Event "AUTO-ELITE-2589"]
[Site "http://www.queenalice.com/game.php?id=1859737"]
[Date "2025.7.10"]
[Round "1"]
[White "queen66"]
[Black "trompmaster"]
[Result "1-0"]
[WhiteElo "2469"]
[BlackElo "2473"]

1. e4 d6 2. d4 Nf6 3. Nc3 e5 4. Nf3 Nbd7 5. Bc4 h6 6. a4 Be7 7. Be3 Ng4 8. Bd2
exd4 9. Nxd4 Nge5 10. Ba2 O-O 11. O-O Bf6 12. Nf5 Nb6 13. Ng3 Bg4 14. f3 Be6 15.
f4 Nc6 16. Nd5 Bxd5 17. exd5 Ne7 18. c3 Nbxd5 19. Nh5 c6 20. Kh1 Qc8 21. f5 Be5
22. Qg4 Kh8 23. c4 Nc7 24. Rae1 Rg8 25. Qh3 f6 26. Bxh6 gxh6 27. Nxf6 Nxf5 28.
Nxg8 Ng3+ 29. hxg3 Qxh3+ 30. gxh3 Rxg8 31. Re3 c5 32. Bb1 b6 33. Rf7 Rg7 34.
Rf8+ Rg8 35. Ref3 Bxb2 36. R8f7 Rg7 37. h4 Be5 38. Kg2 a5 39. Rf8+ Rg8 40. Rxg8+
Kxg8 41. Rb3 Kf7 42. Rxb6 Ke6 43. Kf3 Ke7 44. Bf5 h5 45. g4 Kf6 46. Bb1 hxg4+
47. Kxg4 Ne6 48. h5 Nd8 49. h6 Ke7 50. Kf5 Nf7 51. Rb7+ Ke8 52. h7 Bd4 53. Ra7
Bc3 54. Ke6 Ng5+ 55. Kxd6 Nxh7 56. Bxh7 Bb4 57. Bg6+ Kf8 58. Rf7+ Kg8 59. Ke6
Kh8 60. Bh7 Bd2 61. Kf6 Bf4 62. Kg6 Bh6 63. Rc7 Bf8 64. Rc6 Bd6 65. Rc8+ Bf8 66.
Rxf8# 1-0

[Event "AUTO-ELITE-2589"]
[Site "http://www.queenalice.com/game.php?id=1859738"]
[Date "2025.7.10"]
[Round "1"]
[White "trompmaster"]
[Black "queen66"]
[Result "0-1"]
[WhiteElo "2503"]
[BlackElo "2415"]

1. d4 Nf6 2. Nf3 d5 3. e3 c5 4. c4 cxd4 5. exd4 g6 6. cxd5 Bg7 7. Nc3 Nxd5 8.
Bc4 Nxc3 9. bxc3 Qc7 10. Qe2 Bg4 11. Bb5+ Nc6 12. O-O O-O 13. h3 Be6 14. Bd3 Bd5
15. Re1 Rad8 16. Be4 e6 17. Bg5 Rd7 18. Rac1 Rc8 19. g3 Bxe4 20. Qxe4 Qa5 21.
Qe2 h6 22. Bf4 g5 23. Be3 Ne7 24. h4 g4 25. Nd2 Qf5 26. Nf1 Ng6 27. Nh2 h5 28.
f3 gxf3 29. Nxf3 Qg4 30. Ng5 Qxg3+ 31. Qg2 Qxg2+ 32. Kxg2 Nxh4+ 33. Kf2 Nf5 34.
Ne4 Kf8 35. Bf4 Bh6 36. Bxh6+ Nxh6 37. Rh1 Rd5 38. Ke2 Ke7 39. Ng3 Nf5 40. Nxf5+
Rxf5 41. Rh3 b5 42. Kd3 b4 43. Rc2 Rxc3+ 44. Rxc3 bxc3 45. Kxc3 Kf6 46. Rh1 Kg5
47. Rg1+ Kh6 48. Kd3 h4 49. Rh1 Rh5 50. Ke4 h3 51. Kf3 h2 52. a4 a5 53. Kg4 Kg6
54. Kf4 Rh4+ 55. Kg3 Kg5 56. Rxh2 Rxh2 57. Kxh2 Kf4 0-1

[Event "AUTO-ELITE-2593"]
[Site "http://www.queenalice.com/game.php?id=1861688"]
[Date "2025.8.17"]
[Round "1"]
[White "queen66"]
[Black "Sexxy_Bunny"]
[Result "1/2-1/2"]
[WhiteElo "2303"]
[BlackElo "2611"]

1. e4 c5 2. Nf3 d6 3. d4 cxd4 4. Nxd4 Nf6 5. Nc3 a6 6. h3 e5 7. Nb3 Be6 8. Be3
Be7 9. f4 exf4 10. Bxf4 O-O 11. Qf3 Nbd7 12. O-O-O Rc8 13. g4 h6 14. Kb1 Re8 15.
Be2 b5 16. Rhf1 Qc7 17. Nd4 Ne5 18. Qg2 Nh7 19. Nd5 Bxd5 20. exd5 Bf6 21. c3 Nc4
22. Nc6 Nb6 23. h4 Bxh4 24. Nb4 Nc4 25. Bd3 Ne3 26. Bxe3 Rxe3 27. Nxa6 Qb6 28.
Nb4 Nf6 29. a3 Bg5 30. Nc2 Re5 31. Rf5 g6 32. Rxe5 dxe5 33. Qe2 Rc5 34. Qxe5
Rxd5 35. Qe2 Rd8 36. Qf3 Re8 37. Nd4 Re5 38. Qg3 Re3 39. Qg2 Re5 40. Qg3 Re3 41.
Qg2 Re5 42. Qg3 1/2-1/2

[Event "AUTO-ELITE-2593"]
[Site "http://www.queenalice.com/game.php?id=1861689"]
[Date "2025.8.17"]
[Round "1"]
[White "Sexxy_Bunny"]
[Black "queen66"]
[Result "1/2-1/2"]
[WhiteElo "2617"]
[BlackElo "2293"]

1. e4 c5 2. Nf3 d6 3. d4 cxd4 4. Nxd4 Nf6 5. Nc3 a6 6. Be3 e5 7. Nb3 Be6 8. f3
h5 9. Qd2 Nbd7 10. Nd5 Bxd5 11. exd5 g6 12. Be2 Bg7 13. O-O b6 14. c4 O-O 15.
Rae1 Re8 16. Bf2 Rc8 17. Kh1 a5 18. a4 Nh7 19. Bd3 Bf6 20. Qc2 Bg5 21. Nc1 Nc5
22. Ne2 f5 23. g3 Qc7 24. Nc3 Nxd3 25. Qxd3 Qxc4 26. Qxc4 Rxc4 27. f4 Bh6 28.
Nb5 Bf8 29. fxe5 dxe5 30. Rc1 Rec8 31. Rxc4 Rxc4 32. b3 Rb4 33. Bxb6 Rxb3 34.
Bxa5 Nf6 35. d6 Kf7 36. Bc3 Ke6 37. Nc7+ Kxd6 38. Rd1+ Kc6 39. Bxe5 Ne4 40. Ra1
Bd6 41. Bxd6 Kxd6 42. Nb5+ Kc5 43. Nc7 Kd6 44. Nb5+ Kc5 45. Nc7 Kd6 1/2-1/2

[Event "AUTO-OPEN-4562"]
[Site "http://www.queenalice.com/game.php?id=1864945"]
[Date "2025.10.30"]
[Round "3"]
[White "queen66"]
[Black "CCapivara"]
[Result "1-0"]
[WhiteElo "2389"]
[BlackElo "2315"]

1. e4 d6 2. d4 Nf6 3. Nc3 c6 4. f4 Qa5 5. Bd3 e5 6. Nf3 Bg4 7. Be3 Nbd7 8. h3
exf4 9. Bxf4 Bh5 10. g4 Bg6 11. Qe2 O-O-O 12. O-O h5 13. g5 Nh7 14. a4 Be7 15.
b4 Qc7 16. b5 f6 17. bxc6 Qxc6 18. Nd5 Rhe8 19. Bb5 fxg5 20. Bxc6 bxc6 21. Qa6+
1-0

[Event "AUTO-OPEN-4562"]
[Site "http://www.queenalice.com/game.php?id=1864946"]
[Date "2025.10.30"]
[Round "3"]
[White "CCapivara"]
[Black "queen66"]
[Result "0-1"]
[WhiteElo "2309"]
[BlackElo "2358"]

1. e4 c6 2. d4 d5 3. exd5 cxd5 4. Nf3 Nc6 5. Bd3 Bg4 6. c3 Qc7 7. O-O e6 8. Re1
Bd6 9. Be3 Bxh2+ 10. Kh1 Bd6 11. Nbd2 f5 12. Nf1 Nf6 13. b4 O-O 14. Bg5 Ne4 0-1

[Event "AUTO-OPEN-4564"]
[Site "http://www.queenalice.com/game.php?id=1867928"]
[Date "2026.1.14"]
[Round "3"]
[White "pizzaiolo72"]
[Black "queen66"]
[Result "0-1"]
[WhiteElo "2102"]
[BlackElo "2411"]

1. e4 c5 2. Nf3 d6 3. d4 cxd4 4. Nxd4 Nf6 5. Nc3 a6 6. Bg5 e6 7. Bd3 Be7 8. Qe2
Nxe4 9. Bxe7 Nxc3 10. Bxd8 Nxe2 11. Kxe2 Kxd8 12. Rad1 Ke7 13. Rhe1 Nc6 14. c3
g5 15. Kf1 Nxd4 16. cxd4 Bd7 17. Rc1 Bc6 18. g4 h5 19. Rxc6 bxc6 20. f3 hxg4 21.
fxg4 Rxh2 0-1

[Event "AUTO-OPEN-4564"]
[Site "http://www.queenalice.com/game.php?id=1867929"]
[Date "2026.1.14"]
[Round "3"]
[White "queen66"]
[Black "pizzaiolo72"]
[Result "1-0"]
[WhiteElo "2413"]
[BlackElo "2092"]

1. e4 Nf6 2. e5 Nd5 3. c4 Nb6 4. d4 d6 5. exd6 exd6 6. h3 Be7 7. Nf3 O-O 8. Bd3
c5 9. d5 N8d7 10. Qc2 Nf6 11. Nc3 Re8 12. g4 Bf8+ 13. Kf1 g6 14. Kg2 Bg7 15. Bf4
a6 16. a4 Nfd7 17. a5 Bxc3 18. Qxc3 Qf6 19. Qxf6 Nxf6 20. axb6 Ne4 21. Rhe1 f5
22. Bxe4 fxe4 23. Nd2 h5 24. Nxe4 Rf8 25. Bxd6 1-0

[Event "AUTO-OPEN-4564"]
[Site "http://www.queenalice.com/game.php?id=1867934"]
[Date "2026.1.14"]
[Round "3"]
[White "delphicoracle"]
[Black "queen66"]
[Result "0-1"]
[WhiteElo "2626"]
[BlackElo "2436"]

1. e4 c5 2. Nf3 d6 3. Bb5+ Nd7 4. d4 cxd4 5. Nxd4 Nf6 6. O-O e5 7. Nf5 a6 8. Bd3
Nc5 9. Nc3 d5 10. Bg5 dxe4 11. Bxe4 Ncxe4 12. Nxg7+ Bxg7 13. Qxd8+ Kxd8 14. Nxe4
Ke7 0-1

[Event "AUTO-OPEN-4564"]
[Site "http://www.queenalice.com/game.php?id=1867935"]
[Date "2026.1.14"]
[Round "3"]
[White "queen66"]
[Black "delphicoracle"]
[Result "1-0"]
[WhiteElo "2448"]
[BlackElo "2614"]

1. e4 Nf6 2. e5 Nd5 3. c4 Nb6 4. d4 d6 5. f4 dxe5 6. fxe5 Nc6 7. Be3 Bf5 8. Nc3
e6 9. Nf3 Bg4 10. Be2 Bxf3 11. gxf3 Bb4 12. O-O Qh4 13. a3 Bxc3 14. bxc3 O-O 15.
Kh1 1-0